000
00302nam a2200133Ia 4500
008
240624s9999 xx 000 0 und d
041
_a
eng
082
_a
823 AGH
100
_a
AGHA AKBAR
245
_a
FATWA GIRL
260
_c
2011
_a
New Delhi
_b
Hachette India
300
_a
232 : p.
365
_c
RS
_b
25
999
_c
18272
_d
18272